Los referendos en Venezuela: práctica de la democracia participativa = Referendums in Venezuela: the practice of participative democracy /

Guardado en:
Bibliografiske detaljer
Hovedforfatter: Martínez Oliveros, Agustina Yadira
Format: Texto
Tags: Tilføj Tag
Ingen Tags, Vær først til at tagge denne postø!

MARC

LEADER 00000 a a2200000 04500
001 4647
003
040
090 |a REV1025 24 (40) 2008  
100 |a Martínez Oliveros, Agustina Yadira  
245 |a Los referendos en Venezuela: práctica de la democracia participativa = Referendums in Venezuela: the practice of participative democracy /  |c Agustina Yadira Martínez Olivero  
773 |g volumen 24, número 40 (enero-junio, 2008), páginas 73-90  
999 |c 31202  |d 31202